书目信息 |
| 题名: |
德国战列舰“俾斯麦”号覆灭记
|
|
| 作者: | 泽林特 , 塔梅兰德 著 ;胡毅秉 译 | |
| 分册: | ||
| 出版信息: | 长春 吉林文史出版社 2019 |
|
| 页数: | 296页 | |
| 开本: | 23cm | |
| 丛书名: | 指文 | |
| 单 册: | ||
| 中图分类: | E925.61 , E925.6 | |
| 科图分类: | ||
| 主题词: | 战列舰--史料--德国 | |
| 电子资源: | ||
| ISBN: | 978-7-5472-5954-2 | |
| 000 | 01040oam2 2200289 450 | |
| 001 | 2363236975 | |
| 005 | 20231021173408.27 | |
| 010 | @a978-7-5472-5954-2@dCNY89.80 | |
| 100 | @a20190508d2019 em y0chiy50 ea | |
| 101 | 1 | @achi@cswe |
| 102 | @aCN@b220000 | |
| 105 | @aab z 000yy | |
| 200 | 1 | @a德国战列舰“俾斯麦”号覆灭记@Ade guo zhan lie jian“ bi si mai” hao fu mie ji@dThe final days of Germany's greatest battleship@f(瑞典)尼克拉斯·泽林特,米凯尔·塔梅兰德著@g胡毅秉译@zeng |
| 210 | @a长春@c吉林文史出版社@d2019 | |
| 215 | @a296页@c图, 地图@d23cm | |
| 225 | 2 | @a指文@i海洋文库@v8 |
| 410 | 0 | @12001 @a指文 |
| 462 | 0 | @12001 @a海洋文库 |
| 510 | 1 | @aFinal days of Germany's greatest battleship@zeng |
| 606 | 0 | @a战列舰@x史料@y德国 |
| 690 | @aE925.61@v5 | |
| 690 | @aE925.6@v4 | |
| 701 | 1 | @c(瑞典)@a泽林特@Aze lin te@c(Zetterling, Niklas)@4著 |
| 701 | 1 | @c(瑞典)@a塔梅兰德@Ata mei lan de@c(Tamelander, Michael)@4著 |
| 702 | 0 | @a胡毅秉@Ahu yi bing@4译 |
| 801 | 0 | @aCN@b91MARC@c20190508 |
| 905 | @aZUCC@dE925.6@e24 | |
| 德国战列舰“俾斯麦”号覆灭记=The final days of Germany's greatest battleship/(瑞典)尼克拉斯·泽林特,米凯尔·塔梅兰德著/胡毅秉译.-长春:吉林文史出版社,2019 |
| 296页:图, 地图;23cm.-(指文.海洋文库;8) |
| ISBN 978-7-5472-5954-2:CNY89.80 |
| ● |
| 相关链接 |
|
|
|
正题名:德国战列舰"俾斯麦"号覆灭记
索取号:E925.6/24
 
预约/预借
| 序号 | 登录号 | 条形码 | 馆藏地/架位号 | 状态 | 备注 |
| 1 | 2001018319 | 2001018319 | 315书库/四5架B面4层1列/ [索取号:E925.6/24] | 在馆 | |
| 2 | 2001018320 | 2001018320 | 315书库/四5架B面4层1列/ [索取号:E925.6/24] | 在馆 | |
| 3 | 2001018321 | 2001018321 | 315书库/四5架B面4层1列/ [索取号:E925.6/24] | 在馆 | |
| 4 | 2001018322 | 2001018322 | 315书库/四5架B面4层1列/ [索取号:E925.6/24] | 在馆 | |
| 5 | 2001018323 | 2001018323 | 315书库/四5架B面4层1列/ [索取号:E925.6/24] | 在馆 | |
| 6 | 2001018324 | 2001018324 | 315书库/四5架B面4层1列/ [索取号:E925.6/24] | 在馆 |